000 00820nam a22001937a 4500
999 _c217431
_d217431
008 201130b ||||| |||| 00| 0 eng d
040 _bger
_cDE-2950
_erda
_aDE-2950
041 _ager
100 _aWaldmann, Nancy:
245 _aSchau im Museum Viadrina zeigt Oder in ihrer Vielfalt.
_bKultur: Fische angeln, Zuflüsse puzzeln, Zeugnisse vom "Strom der Freundschaft" studieren - die deutsch-polnische Ausstellung eröffnet heute in Frankfurt /
_cNancy Waldmann
653 _aFrankfurt (Oder)
653 _aMuseum
653 _aAusstellung "Die Oder. Unser Fluss."
773 _dFrankfurt (Oder): Märkisches Verlags- und Druckhaus GmbH & Co KG
_g32. Jahrgang (2021) Nr. 139 vom 18.06.2021, S.16: Foto
_tMärkische Oderzeitung
942 _cA